| 000 | 00375 a2200145 4500 | ||
|---|---|---|---|
| 999 |
_c4648 _d4648 |
||
| 020 | _a0869224638 | ||
| 050 | _aPL8547 NDL 1997 | ||
| 100 |
_aNdlovu, B. D. _eauthor |
||
| 245 |
_aUmzila kawulandelwa / _cB.D. Ndlovu |
||
| 264 |
_aGweru _bMambo Press _c1997 |
||
| 300 | _a60p. : | ||
| 500 | _aNdebele fiction | ||
| 650 |
_aNdebele fiction _xDrama |
||
| 942 |
_2lcc _cBK _h8547 _iNDL _kPL |
||